Quiebros y poemas

Guardat en:
Dades bibliogràfiques
Autor principal: Beckett, Samuel (Autor)
Format: Llibre
Idioma:espanyol
Publicat: Madrid Ardora 1998
Edició:1a. ed
Col·lecció:Ardora Exprés, 5
Matèries:
Etiquetes: Afegir etiqueta
Sense etiquetes, Sigues el primer a etiquetar aquest registre!

MARC

LEADER 00000cam a2200000 a 4500
001 UCD3450
003 CL-VaPUC
008 160603e19980000sp |||||||||||||||||spa|d
020 |a 8488020120 
082 0 4 |a 828.99151  |b BEC  |2 21 
100 0 |a Beckett, Samuel  |e author  |9 586938 
245 1 0 |a Quiebros y poemas 
250 |a 1a. ed 
300 |a 127 p 
942 |c BK 
945 |d 20160603 11:43:00  |a arojas 
260 |a Madrid  |b Ardora  |c 1998 
650 7 |a POESIAS IRLANDESAS  |2 CL-VaPUC  |9 267794 
650 0 |a Literatura irlandesa  |9 349943 
583 |a last modification  |c 20160603 11:43:00  |k Rodrigo Vera 
490 0 |a Ardora Exprés, 5 
999 |c 364486  |d 364484 
952 |0 0  |1 0  |3 erb  |4 0  |6 828_991510000000000_BEC_1998  |7 0  |8 A  |9 477684  |a BIBART  |b BIBART  |i 5290910  |l 1  |o 828.99151 BEC 1998  |p 5290910  |r 2025-03-13  |s 2024-05-23  |w 2019-11-24  |y BK  |z Catalogado en:20160603  |k ART